| 000 | 00330nam a2200121Ia 4500 | ||
|---|---|---|---|
| 005 | 20251222154347.0 | ||
| 008 | 251222s9999||||xx |||||||||||||| ||spa|| | ||
| 020 | _a9972-45-135-6 | ||
| 082 | _a704.9/C25 | ||
| 100 | _a"Canales Peía, Jenny Lari Rincén, Fiorella" | ||
| 245 | 0 | _aGramática de la imágen bidimensional | |
| 942 | _cLIB | ||
| 999 |
_c34752 _d34752 |
||